| 000 | 00532nam a22002057a 4500 | ||
|---|---|---|---|
| 005 | 20180117161407.0 | ||
| 008 | 180117b xxu||||| |||| 00| 0 spa d | ||
| 041 | _aspa | ||
| 082 | _a1.1.8 R586m | ||
| 100 |
_aRios de Molina _945440 |
||
| 245 | _aManos maravillosas en su cocina | ||
| 260 | _aCosta Rica | ||
| 260 | _bComunicación Gráfica | ||
| 260 | _c1998 | ||
| 300 | _a318 páginas | ||
| 650 |
_aCOSTA RICA _945441 |
||
| 650 |
_aCOCINA COSTARRICENSE _93115 |
||
| 650 |
_aCOMIDAS Y BEBIDAS TÍPICAS _96821 |
||
| 942 | _cBK | ||
| 999 |
_c10298 _d10298 |
||